Football en 20 GIFS #2 - Qui marque le but ou presque ? - Statistiques

Statistiques générales
  • Ce quiz a été pris 299 fois
  • Le résultat moyen est 17 sur 20
Statistiques - réponses
Hint Réponse % Correct
Christophe Dugarry
96%
Lionel Messi
96%
Eric Maxim Choupo-Moting
95%
Cristiano Ronaldo
93%
Eder
93%
Olivier Giroud
92%
Mario Balotelli
91%
Michael Ballack
89%
Diego Forlan
88%
David Villa
87%
Xherdan Shaqiri
87%
Usain Bolt
86%
Alvaro Morata
82%
Fernando Torres
81%
Henrik Larsson
76%
Michael Owen
75%
Christian Eriksen
69%
Park Ji-Sung
67%
Robin van Persie
62%
Milan Baroš
50%
Aucun quiz correspondant
Distribution des résultats
% des personnes avec chaque résultat
Percentile par nombre de réponses
Votre historique - résultats
Vous n’avez pas pris ce quiz